Textbook of Commerce for I Puc of Karnataka State (Record no. 227755)
[ view plain ]
| 000 -LEADER | |
|---|---|
| fixed length control field | 00460nam a22001697a 4500 |
| 005 - DATE AND TIME OF LATEST TRANSACTION | |
| control field | 20230706093036.0 |
| 008 - FIXED-LENGTH DATA ELEMENTS--GENERAL INFORMATION | |
| fixed length control field | 230706b ||||| |||| 00| 0 eng d |
| 040 ## - CATALOGING SOURCE | |
| Transcribing agency | AL |
| 041 ## - LANGUAGE CODE | |
| Language code of text/sound track or separate title | English |
| 082 ## - DEWEY DECIMAL CLASSIFICATION NUMBER | |
| Edition number | 23 |
| Classification number | 383/155 |
| Item number | RAMT |
| 100 ## - MAIN ENTRY--PERSONAL NAME | |
| Personal name | B S Raman |
| 100 ## - MAIN ENTRY--PERSONAL NAME | |
| 9 (RLIN) | 125698 |
| 245 ## - TITLE STATEMENT | |
| Title | Textbook of Commerce for I Puc of Karnataka State |
| 260 ## - PUBLICATION, DISTRIBUTION, ETC. | |
| Place of publication, distribution, etc. | Mangalore |
| Name of publisher, distributor, etc. | United Publishers |
| Date of publication, distribution, etc. | 1988 |
| 650 ## - SUBJECT ADDED ENTRY--TOPICAL TERM | |
| Topical term or geographic name entry element | Commerce |
| 9 (RLIN) | 125699 |
| 700 ## - ADDED ENTRY--PERSONAL NAME | |
| Personal name | RAMAN (B S) |
| 9 (RLIN) | 125700 |
| 942 ## - ADDED ENTRY ELEMENTS (KOHA) | |
| Source of classification or shelving scheme | Dewey Decimal Classification |
| Koha item type | Book |
| Withdrawn status | Lost status | Source of classification or shelving scheme | Damaged status | Not for loan | Collection code | Home library | Current library | Shelving location | Date acquired | Total Checkouts | Full call number | Barcode | Date last seen | Price effective from | Koha item type |
|---|---|---|---|---|---|---|---|---|---|---|---|---|---|---|---|
| Discarded | Dewey Decimal Classification | Commerce | St Aloysius Library | St Aloysius Library | UGC Book Bank | 07/06/2023 | 383/155 RAMT | 042387 | 07/06/2023 | 07/06/2023 | Book | ||||
| Dewey Decimal Classification | Commerce | St Aloysius Library | St Aloysius Library | UGC Book Bank | 07/06/2023 | 383/163 RAMT | 042499 | 07/06/2023 | 07/06/2023 | Book | |||||
| Dewey Decimal Classification | Commerce | St Aloysius Library | St Aloysius Library | UGC Book Bank | 07/06/2023 | 383/151 RAMT | SG02451 | 07/06/2023 | 07/06/2023 | Special Grants | |||||
| Dewey Decimal Classification | Commerce | St Aloysius Library | St Aloysius Library | UGC Book Bank | 07/06/2023 | 383/149 RAMT | SG02449 | 07/06/2023 | 07/06/2023 | Special Grants | |||||
| Dewey Decimal Classification | Commerce | St Aloysius Library | St Aloysius Library | UGC Book Bank | 07/06/2023 | 383/144 RAMT | SG02444 | 07/06/2023 | 07/06/2023 | Special Grants | |||||
| Dewey Decimal Classification | Commerce | St Aloysius Library | St Aloysius Library | UGC Book Bank | 07/06/2023 | 383/148 RAMT | SG02448 | 07/06/2023 | 07/06/2023 | Special Grants | |||||
| Dewey Decimal Classification | Commerce | St Aloysius Library | St Aloysius Library | UGC Book Bank | 07/06/2023 | 383/145 RAMT | SG02445 | 07/06/2023 | 07/06/2023 | Special Grants | |||||
| Discarded | Dewey Decimal Classification | Commerce | St Aloysius Library | St Aloysius Library | 10/19/2023 | 383/154 RAMT | 042386 | 10/19/2023 | 10/19/2023 | Book | |||||
| Lost | Dewey Decimal Classification | Commerce | St Aloysius Library | St Aloysius Library | 10/19/2023 | 383/164 RAMT | 042500 | 10/19/2023 | 10/19/2023 | Book | |||||
| Dewey Decimal Classification | Commerce | St Aloysius Library | St Aloysius Library | UGC Book Bank | 01/04/2024 | 383/146 RAMT | SG02446 | 01/04/2024 | 01/04/2024 | Special Grants | |||||
| Dewey Decimal Classification | Commerce | St Aloysius Library | St Aloysius Library | UGC Book Bank | 01/04/2024 | 383/147 RAMT | SG02447 | 01/04/2024 | 01/04/2024 | Special Grants |